<?xml version="1.0" encoding="UTF-8"?>
<collection xmlns="http://www.loc.gov/MARC21/slim">
 <record>
  <leader>00683pamaa2200181   4500</leader>
  <controlfield tag="001">0000050098</controlfield>
  <controlfield tag="005">20130626090000.0</controlfield>
  <controlfield tag="008">120425                             eng  </controlfield>
  <datafield tag="020" ind1="0" ind2="0">
   <subfield code="a">9789673631551 (pbk.) </subfield>
  </datafield>
  <datafield tag="090" ind1="0" ind2="0">
   <subfield code="a">QK365 </subfield>
   <subfield code="b">KUA 2011</subfield>
  </datafield>
  <datafield tag="245" ind1="1" ind2="0">
   <subfield code="a">Kuala Keniam : </subfield>
   <subfield code="b">nature's treasure trove in the heartland  </subfield>
   <subfield code="c">editors, Mohd. Nazip Suratman ... [et al.].</subfield>
  </datafield>
  <datafield tag="260" ind1="0" ind2="0">
   <subfield code="a">Shah Alam: </subfield>
   <subfield code="b">University Publication Centre (UPENA), </subfield>
   <subfield code="c">2011.</subfield>
  </datafield>
  <datafield tag="300" ind1=" " ind2=" ">
   <subfield code="a">134 p.: </subfield>
   <subfield code="b">illus., col.; </subfield>
   <subfield code="c">30 cm.</subfield>
  </datafield>
  <datafield tag="501" ind1="0" ind2="0">
   <subfield code="a">Library</subfield>
  </datafield>
  <datafield tag="650" ind1="0" ind2="0">
   <subfield code="a">Rain forest ecology -- </subfield>
   <subfield code="z">Pahang -- </subfield>
   <subfield code="z">Kuala Keniam. </subfield>
  </datafield>
  <datafield tag="650" ind1="0" ind2="0">
   <subfield code="a">Rain forest conservation -- </subfield>
   <subfield code="z">Pahang -- </subfield>
   <subfield code="z">Kuala Keniam. </subfield>
  </datafield>
  <datafield tag="700" ind1="1" ind2="1">
   <subfield code="a">Mohd. Nazip Suratman </subfield>
  </datafield>
  <datafield tag="901" ind1=" " ind2=" ">
   <subfield code="u">www.uitm.edu.my</subfield>
  </datafield>
 </record>
</collection>
